Synthesis and Characterization of New Superconductors Materials (Record no. 11597)
[ view plain ]
| 000 -LEADER | |
|---|---|
| fixed length control field | 00802nam a2200121Ia 4500 |
| 008 - FIXED-LENGTH DATA ELEMENTS--GENERAL INFORMATION | |
| fixed length control field | 220615s9999||||xx |||||||||||||| ||und|| |
| 245 #0 - TITLE STATEMENT | |
| Title | Synthesis and Characterization of New Superconductors Materials |
| 546 ## - LANGUAGE NOTE | |
| Language note | English[eng] |
| 650 ## - SUBJECT ADDED ENTRY--TOPICAL TERM | |
| Topical term or geographic name entry element | Dirac electron||Landau level||interlayer magnetoresistance||organic conductor||α-(BEDT-TTF)2I3||Er123||melt temperature||superconducting solder||superconducting joint||FeSe||superconductivity||high pressure||chemical intercalation||interfacial coupling||AC susceptibility||BaZrO3||co-precipitation||solid-state||YBa2Cu3O7−δ||Weyl semimetal||focused ion beam||high-temperature superconductors||bismuth-based cuprates||Bi-2212||n/a |
| 700 ## - ADDED ENTRY--PERSONAL NAME | |
| Personal name | Gilioli, Edmondo||Delmonte, Davide |
| 856 ## - ELECTRONIC LOCATION AND ACCESS | |
| Uniform Resource Identifier | <a href="https://mdpi.com/books/pdfview/book/2786">https://mdpi.com/books/pdfview/book/2786</a> |
| 942 ## - ADDED ENTRY ELEMENTS (KOHA) | |
| Koha item type | E-Books |
| Withdrawn status | Lost status | Damaged status | Not for loan | Home library | Current library | Date acquired | Total Checkouts | Date last seen | Price effective from | Koha item type |
|---|---|---|---|---|---|---|---|---|---|---|
| Kerala University of Digital Sciences, Innovation and Technology Knowledge Centre | Kerala University of Digital Sciences, Innovation and Technology Knowledge Centre | 15/06/2022 | 15/06/2022 | 15/06/2022 | E-Books |